Grupos /
Guardado en:
| Autor Principal: | |
|---|---|
| Otros Autores: | , , |
| Formato: | Libro |
| Idioma: | Spanish |
| Publicado: |
México, D.F. :
Instituto de Matemáticas, UNAM,
2014-2016.
|
| Series: | Papirhos ;
no. 1, 4 |
| Etiquetas: |
Agregar Etiqueta
Sin Etiquetas, Sea el primero en etiquetar este registro!
|
| LEADER | 01314nam a22002775a 4500 | ||
|---|---|---|---|
| 001 | MAT.inmabb006869 | ||
| 008 | 150624m20142016mx#######b####001#0#spa#d | ||
| 005 | 20170712122338.0 | ||
| 245 | 1 | 0 | |a Grupos / |c Diana Avella, Octavio Mendoza, Edith Corina Sáenz, María José Souto. |
| 260 | |a México, D.F. : |b Instituto de Matemáticas, UNAM, |c 2014-2016. | ||
| 300 | |a 2 v. ; |c 23 cm. | ||
| 490 | 1 | |a Papirhos. Serie textos ; |v no. 1, 4 | |
| 504 | |a Incluye referencias bibliográficas e índice. | ||
| 505 | 0 | |a v. 1: 1. Aritmética en Z -- 2. Permutaciones -- 3. Grupos -- 4. Homomorfismos de grupos -- A. Nota histórica sobre grupos. | |
| 505 | 0 | |a v. 2: 1. Acciones de grupos en conjuntos -- 2. Acciones especiales de grupos en conjuntos -- 3. Los teoremas de Sylow -- 4. Grupos abelianos finitos -- 5. Grupos solubles y nilpotentes -- 6. Retazos de historia. | |
| 020 | |a 9786070251504 (v. 1) | ||
| 020 | |a 9786070278143 (v. 2) | ||
| 100 | 1 | |a Avella, Diana. | |
| 700 | 1 | |a Mendoza Hernández, Octavio. | |
| 700 | 1 | |a Sáenz, Edith Corina. | |
| 700 | 1 | |a Souto, María José. | |
| 830 | 0 | |a Papirhos ; |v no. 1, 4 | |
| 084 | |a 20-01 |2 msc2000 | ||
| 859 | |h 20 |i Av949 |p A-8910 |v 1 |3 Tomo I |b BIB. MATEMATICA | ||
| 859 | |h 20 |i Av949 |p A-8911 |t Ej. 2 |v 1 |3 Tomo I |b BIB. MATEMATICA | ||
| 859 | |h 20 |i Av949 |p A-9138 |v 2 |3 Tomo II |b BIB. MATEMATICA | ||
